000 01256nam a22002897a 4500
005 20170124102921.0
010 _aB-232374
020 _c450.00
_a817965129
035 _aB-232374
037 _bCen Lib/Ret
040 _aDPL
_bHN
082 _a338.4791
100 _aनेगी,जगमोहन
245 _aपर्यटन एवं यात्रा के सिद्धान्त /
_cजगमोहन नेगी ; संपादित गौरव मनोहर
246 _aparyatan avam yatra ke sidhant /
_bby Jagmohan Negi; edited by Gaurav Manohar
250 _aचतुर्थ संस्करण
260 _aनई दिल्ली
_bतक्षशिला प्रकाशन
_c2007
270 _a98-ए, हिन्दी पार्क,दरियागंज
_bनई दिल्ली
_e110002
300 _a320पृ. :
_c20सेमी (सजिल्द)
500 _aग्रन्थसूची संदर्भ भी शामिल
650 _aपर्यटन
650 _aहोटल प्रबंधन
650 _aTouarism
650 _aHotel management
700 _dमनोहर, गौरव
942 _2ddc
_cHN
_hHN-232374
_mनेगीज
999 _c111259
_d111259